000 01234cam a22003497a 4500
003 CHAP
005 20220329134633.0
008 971013s1955 r 00010 d
010 _a23396
011 _a24368
035 _a28467
040 _cCHAP
082 _a332.71
_bC93
100 0 0 _aChávez Orozco, Luis.
_922749
245 1 4 _aLos fondos de comunidades indígenas como fuentes de crédito agrícola en la Nueva España, siglo XIX
260 _aMéxico, D.F. :
_bBanco Nacional de Crédito Agrícola y Ganadero,
_c1955
300 _a48 p
490 0 _aPublicaciones
_v; 11
590 _aBATCH-UPD
_b10
_c20130110
_lUCH01
_h0111
590 _aBATCH-UPD
_b10
_c20130110
_lUCH01
_h1845
590 _aBATCH-UPD
_b10
_c20130409
_lUCH01
_h2102
590 _aBATCH-UPD
_b10
_c20130410
_lUCH01
_h1215
590 _aBATCH-UPD
_b10
_c20130914
_lUCH01
_h0927
590 _aCONVERSION
_b10
_c20130109
_lUCH01
_h1314
650 1 4 _aCrédito agrícola
_zMéxico.
_929089
830 0 _aPublicaciones
_v; 11
_992668
901 _aBK
942 _cLIBRO
949 _a332.71 C93
_bBC
_cBPA
_d-65663
_eBPA
_i28467
_si
949 _a332.71 C93
_bBC
_cBPA
_d-65664
_eBPA
_fc.2
_h42088
_i28467
_si
949 _a332.71 C93
_bBC
_cBPA
_d-65665
_eBPA
_fc.3
_h42089
_i28467
_si
999 _c23396
_d23396